| 000 | 01155cam a2200277 a 4500 | ||
|---|---|---|---|
| 999 |
_c2805 _d2805 |
||
| 001 | 15948384 | ||
| 003 | GZU | ||
| 005 | 20201109081019.0 | ||
| 008 | 091016s2010 nju b 001 0 eng | ||
| 010 | _a 2009043705 | ||
| 020 | _a9780470531884 (cloth) | ||
| 040 |
_aDLC _cDLC _dDLC |
||
| 050 | 0 | 0 |
_aHD38.5 _b.BLA 2010 |
| 082 | 0 | 0 |
_a658.5 _222 |
| 100 | 1 |
_aBlanchard, David, _d1958- |
|
| 245 | 1 | 0 |
_aSupply chain management : _bbest practices / _cDavid Blanchard. |
| 250 | _a2nd ed. | ||
| 260 |
_aHoboken, N.J. : _bJohn Wiley & Sons, _cc2010. |
||
| 300 |
_axviii, 280 p. ; _c24 cm. |
||
| 504 | _aIncludes bibliographical references and index. | ||
| 505 | 0 | _aIf supply chain is the answer, then what's the question? -- Anatomy of a supply chain -- Supply chain metrics -- Planning and forecasting -- Procurement -- Manufacturing -- Transportation -- Distribution and warehousing -- Site selection -- Globalization. | |
| 650 | 0 | _aBusiness logistics. | |
| 906 |
_a7 _bcbc _corignew _d1 _eecip _f20 _gy-gencatlg |
||
| 942 |
_2lcc _cBK _e2nd _h38.5 _iBLA _kHD |
||